000 003560000a22001450004500
005 20120302062706.0
942 _cBOOK
100 _a
_a
_b
_c
245 _a TU GULAB HOKAR MAHAK
260 _aAHEMADABAD : SHRI YOGA VEDANTA SEVA SAMITI
300 _a87 P.
040 _aHIN
365 _bRS.4/-
650 _aADHYATMA / JEEEVAN VIKAS / HARIDAS / ASARAM
999 _c357402
_d357399